00470 a2200169 450000100060000002000180000604000220002410000180004624000240006424500190008830000080010736200090011565000310012494200070015595201210016299900170028362859 a9788501401397 cAnchieta - Pituba aMAAS, Sarah J10aTrono de vidrolpor10aTrono de vidro a4040 a2014 4aFicção norte-americana cBK 00104070a91.1b91.1d2023-11-21l1o813 M111t MAA TROp16116/PITr2024-04-09 11:40:58s2024-04-09w2023-11-21yBK c62859d62859